| 000 | 01585nam a2200229Ia 4500 | ||
|---|---|---|---|
| 003 | Ost | ||
| 005 | 20260507074851.0 | ||
| 008 | 260507s9999||||xx |||||||||||||| ||und|| | ||
| 040 | _cfsecg | ||
| 041 | _aara | ||
| 082 | _a332 | ||
| 100 |
_aهاشم، اسماعيل محمد _eمؤلف |
||
| 245 | 0 |
_aالنقود والبنوك / _c اسماعيل محمد هاشم |
|
| 260 |
_aالاسكندرية: _bالمكتب العربي الحديث, _c2005 |
||
| 300 |
_a275 صفحة؛ _bإيضاحات ؛ _c23 سم |
||
| 504 | _aبيبليوغرافيا: ص.262 | ||
| 520 | _aيضم النقود والنظم النقدية، ماهية النقود ووظائفها، أنواع النقود، النظم النقدية، النظام المصرفي: نشأة البنوك وتطور الفن المصرفي، خلق نقود الودائع، ميزانية البنوك التجارية، الأربحية والسيولة، البنوك المركزية، تطور النظام المصرفي المصري، النظرية النقدية التقليدية، التحليل النقدي الحديث، التحليل النقدي المعاصر، الآثار الاقتصادية للتغيرات في قيمة النقود، السياسة النقدية، أثر تغير قيمة النقود على الدخل القومي، النقود والدورة التجارية، المؤسسات النقدية بعد الحرب العالمية الثانية | ||
| 653 | _aالإقتصاد المالي | ||
| 653 | _aالبنوك | ||
| 653 | _aالنقود | ||
| 942 | _cكتاب | ||
| 999 |
_c41576 _d41576 |
||